• 首页
  • 本馆介绍
  • 公告通知
  • 最新文献
  • 馆藏检索
  • 电子资源
  • 读者导购
  • 参考咨询
  • 我的图书馆
  • 登录
  • 详细信息显示
  • 放入我的书架
  • 预约/预借图书
  • 作者相关作品
  • 分类相关作品
  • 丛书相关作品
  • 出版社相关作品

书目信息

  • 表格格式
  • 工作单格式
  • 卡片格式
题名:
现代西方的时代精神
    
 
作者: 车铭洲 , 王元明 著
分册:  
出版信息: 北京   中国青年出版社  1988.11
页数: 623页
开本: 20cm
丛书名:
单 册:
中图分类: B505
科图分类:
主题词: 现代资产阶级哲学--研究
电子资源:
ISBN: 7-5006-0224-3
000 00667nam0 2200229 45
001 0189019610
005 20050321155745.9
010    @a7-5006-0224-3@dCNY7.60
020    @aCN@b89019610
100    @a19910513d1988 m y0chiy0120 ea
101 0  @achi
102    @aCN@b110000
105    @ay z 000yy
200 10 @a现代西方的时代精神@Axian dai xi fang de shi dai jing shen@f车铭洲,王元明著@Fche ming zhou , wang yuan ming zhu
210    @a北京@c中国青年出版社@d1988.11
215    @a623页@d20cm
606    @a现代资产阶级哲学@x研究
690    @aB505@v1980
701  0 @a车铭洲@4著
701  0 @a王元明@4著
801  0 @aCN@bNLC@c19910513
905    @f1@b217189@dB505@e22
    
    现代西方的时代精神/车铭洲,王元明著.-北京:中国青年出版社,1988.11
    623页;20cm
    
    
    ISBN 7-5006-0224-3:CNY7.60
    
●
相关链接 在E读中查询图书 在五车中查询图书 在当当中查询图书 在豆瓣中查询图书


正题名:现代西方的时代精神     索取号:B505/22         预约/预借

序号 登录号 条形码 馆藏地/架位号 状态 备注
1 0217189   001995069   密集书库/ [索取号:B505/22] 在馆    
2 0217190   002041622   第一样本阅览室/ [索取号:B505/22] 在馆    
唐山师范学院图书馆 欢迎您!
大连网信软件有限公司© 版权所有